[Event "CAN-ch U20"]
[Site "Toronto CAN"]
[Date "2023.07.07"]
[Round "3.9"]
[White "Joseph, Jonath"]
[Black "Gao, Lucy"]
[Result "1-0"]
[WhiteElo "2022"]
[BlackElo "1958"]
[PlyCount "79"]
[EventDate "2023.07.06"]
[EventType "swiss"]
[EventRounds "8"]
[EventCountry "CAN"]

1. e4 c5 2. Nf3 g6 3. c3 d5 4. exd5 Qxd5 5. d4 cxd4 6. cxd4 Bg7 7. Nc3 Qd8 8.
Bc4 Nf6 9. O-O O-O 10. Bf4 a6 11. Qe2 b5 12. Bb3 Bb7 13. Rad1 e6 14. Bg5 Re8
15. Ne5 Nbd7 16. Rfe1 Nb6 17. Ng4 b4 18. d5 bxc3 19. dxe6 Nbd5 20. Bxd5 Bxd5
21. Bxf6 Qa5 22. Bxg7 Rxe6 23. Bxc3 Rxe2 24. Bxa5 Rxe1+ 25. Rxe1 Bxa2 26. Bc3
h5 27. Nf6+ Kf8 28. Nd7+ Kg8 29. h3 Rc8 30. Ra1 Bc4 31. Nb6 Rc6 32. Nxc4 Rxc4
33. Rxa6 Rc8 34. Bf6 Kf8 35. Rd6 Ke8 36. b4 Rb8 37. b5 Rc8 38. b6 Rc1+ 39. Kh2
Rc8 40. b7 1-0

[Event "CAN-ch U20"]
[Site "Toronto CAN"]
[Date "2023.07.07"]
[Round "3.10"]
[White "Wang, Andy"]
[Black "Zhao, Jifan"]
[Result "1-0"]
[WhiteElo "1892"]
[BlackElo "2195"]
[PlyCount "113"]
[EventDate "2023.07.06"]
[EventType "swiss"]
[EventRounds "8"]
[EventCountry "CAN"]

1. e4 e6 2. d4 d5 3. Nc3 Nf6 4. Bg5 dxe4 5. Nxe4 Nbd7 6. Nf3 h6 7. Nxf6+ Nxf6
8. Bf4 Nd5 9. Bd2 Be7 10. c4 Nf6 11. Be2 O-O 12. O-O b6 13. Be3 Bb7 14. Ne5 c6
15. Bf3 Qc7 16. Bf4 Bd6 17. Re1 Nd7 18. Qc2 Nxe5 19. dxe5 Be7 20. Qe4 Rab8 21.
Rad1 c5 22. Qe3 Bxf3 23. Qxf3 Rbd8 24. h3 Rxd1 25. Rxd1 Rd8 26. Bg3 Rd7 27. b3
Qd8 28. Rxd7 Qxd7 29. Kh2 Bf8 30. Qe3 Be7 31. Bf4 Bd8 32. Qd2 Qxd2 33. Bxd2 Bc7
34. f4 g5 35. Kg3 Kg7 36. Kf3 Kg6 37. g4 f5 38. exf6 Kxf6 39. fxg5+ hxg5 40.
Ke4 Bg3 41. Bc3+ Kg6 42. a4 a5 43. Kf3 Bh2 44. Be1 Bc7 45. h4 gxh4 46. Bxh4 Kh6
47. Ke4 Kg6 48. Be7 Kf7 49. Bg5 Kg6 50. Bf4 Bd8 51. Bd6 Kf6 52. g5+ Kf7 53. Kf4
Kg6 54. Ke5 Kf7 55. g6+ Kxg6 56. Kxe6 Bf6 57. Bc7 1-0

[Event "CAN-ch U20"]
[Site "Toronto CAN"]
[Date "2023.07.07"]
[Round "3.11"]
[White "Srinivasan, Hemant"]
[Black "Jiang, Hancy"]
[Result "1-0"]
[WhiteElo "2228"]
[BlackElo "1843"]
[PlyCount "101"]
[EventDate "2023.07.06"]
[EventType "swiss"]
[EventRounds "8"]
[EventCountry "CAN"]

1. d4 Nf6 2. c4 g6 3. Nc3 Bg7 4. e4 O-O 5. Nf3 d6 6. Be2 Nbd7 7. O-O e5 8. Be3
Re8 9. d5 Ng4 10. Bg5 f6 11. Bc1 a5 12. Ne1 Nh6 13. Nd3 f5 14. f3 f4 15. Nb5 g5
16. c5 Nf6 17. Qc2 Re7 18. Bd2 g4 19. Rac1 g3 20. hxg3 fxg3 21. cxd6 Qe8 22.
Be1 cxd6 23. Nxd6 Qh5 24. Bxg3 Bh3 25. Qb3 Qg5 26. Kf2 Nh5 27. gxh3 Qxg3+ 28.
Ke3 Ng4+ 29. Kd2 Bh6+ 30. f4 Qe3+ 31. Kd1 Ng3 32. Rc2 Nxf1 33. Nf5 Qg1 34.
Nxe7+ Kh8 35. hxg4 Ng3+ 36. Ne1 Bxf4 37. Qd3 Nh1 38. Bf3 Nf2+ 39. Rxf2 Qxf2 40.
Qe2 Qc5 41. Nd3 Qxe7 42. Nxf4 exf4 43. e5 Qc5 44. Qd2 Rc8 45. e6 Qg1+ 46. Ke2
Rc2 47. Qxc2 Qe3+ 48. Kd1 Qxf3+ 49. Kc1 Qxd5 50. Qc8+ Kg7 51. Qd7+ 1-0

[Event "CAN-ch U20"]
[Site "Toronto CAN"]
[Date "2023.07.07"]
[Round "4.2"]
[White "Demchenko, Svitlana"]
[Black "Yuen, Noah Nathaniel"]
[Result "1-0"]
[WhiteElo "2301"]
[BlackElo "2111"]
[PlyCount "97"]
[EventDate "2023.07.06"]
[EventType "swiss"]
[EventRounds "8"]
[EventCountry "CAN"]

1. d4 d5 2. Nf3 e6 3. Bf4 Bd6 4. e3 Nf6 5. c3 b6 6. Ne5 Bb7 7. h4 Qe7 8. Nd2
Nbd7 9. Ndf3 O-O 10. h5 Ne4 11. Bb5 Bxe5 12. dxe5 h6 13. g4 Rad8 14. Rg1 Ng5
15. Nxg5 hxg5 16. Bg3 Nc5 17. Qc2 Ne4 18. O-O-O Qc5 19. Bd3 a5 20. Qe2 a4 21.
a3 Qe7 22. Kb1 Bc6 23. Bc2 Qc5 24. Rd4 Bb5 25. Qd1 Qe7 26. Qe1 c5 27. Rd1 Bc4
28. Bh2 b5 29. f3 b4 30. axb4 Nxc3+ 31. Qxc3 cxb4 32. Qd4 b3 33. Bd3 a3 34. Bg3
Ra8 35. Bxc4 dxc4 36. Qd6 Qa7 37. bxa3 c3 38. Rd4 Rfd8 39. Qb4 Rdb8 40. Qxc3
Qxa3 41. Qb2 Qc5 42. Rc1 Qb5 43. Rcd1 Ra2 44. Qc3 b2 45. Rd8+ Kh7 46. Rxb8 Ra1+
47. Kc2 Qe2+ 48. Rd2 Qf1 49. Qd3+ 1-0

[Event "CAN-ch U20"]
[Site "Toronto CAN"]
[Date "2023.07.07"]
[Round "4.3"]
[White "Zhong, Ryan Yunhui"]
[Black "Hua, Eugene"]
[Result "0-1"]
[WhiteElo "1949"]
[BlackElo "2370"]
[PlyCount "96"]
[EventDate "2023.07.06"]
[EventType "swiss"]
[EventRounds "8"]
[EventCountry "CAN"]

1. e4 c5 2. Nf3 e6 3. c3 Nf6 4. e5 Nd5 5. d4 cxd4 6. cxd4 d6 7. Nc3 Nxc3 8.
bxc3 Qc7 9. Qc2 Nd7 10. exd6 Bxd6 11. Bd3 b6 12. Nd2 Bb7 13. Ne4 Be7 14. O-O
Rc8 15. Bb2 h5 16. f4 h4 17. h3 Rh5 18. Qe2 Ra5 19. Nd2 g6 20. Nb3 Rh5 21. Rae1
Nf6 22. Qc2 g5 23. Be2 Rh8 24. fxg5 Rg8 25. Bb5+ Kd8 26. Re5 a6 27. gxf6 Bd6
28. Re2 axb5 29. Qh7 Rg6 30. Nd2 Qd7 31. Ne4 Bxe4 32. Rxe4 Kc7 33. Rg4 Rcg8 34.
Qxh4 Rxg4 35. hxg4 Qe8 36. g5 Rh8 37. Qe4 Bg3 38. Rd1 Rh4 39. Qe3 Bf4 40. Qd3
Qh8 41. Kf2 Bxg5 42. Qg3+ Rf4+ 43. Ke2 Qh5+ 44. Kd2 Kb7 45. Kc2 Qe2+ 46. Rd2
Qxd2+ 47. Kxd2 Rg4+ 48. Qe3 Rxg2+ 0-1

[Event "CAN-ch U20"]
[Site "Toronto CAN"]
[Date "2023.07.07"]
[Round "4.5"]
[White "Wu, Nolan"]
[Black "Ruchinskaya, Valerie"]
[Result "1/2-1/2"]
[WhiteElo "1821"]
[BlackElo "1936"]
[PlyCount "86"]
[EventDate "2023.07.06"]
[EventType "swiss"]
[EventRounds "8"]
[EventCountry "CAN"]

1. e4 e6 2. d4 d5 3. Nd2 c5 4. Ngf3 cxd4 5. Nxd4 Nc6 6. Bb5 Bd7 7. Nxc6 Bxc6 8.
Bxc6+ bxc6 9. c4 Nf6 10. Qc2 d4 11. O-O Qc7 12. f4 Rd8 13. Qd3 Be7 14. Nb3 e5
15. f5 h6 16. Bd2 Rb8 17. Rab1 Bb4 18. a3 Bxd2 19. Nxd2 a5 20. b4 axb4 21. axb4
Ke7 22. Rfc1 Rhc8 23. c5 Ra8 24. b5 cxb5 25. Rxb5 Ra5 26. Rxa5 Qxa5 27. Nb3 Qa8
28. Nd2 Qc6 29. Qg3 Nd7 30. Qxg7 Qf6 31. Qxf6+ Kxf6 32. c6 Ke7 33. Nb3 Nf6 34.
Nd2 Ne8 35. Kf2 f6 36. g4 Kd6 37. Nc4+ Kc7 38. Ke2 Nd6 39. Nxd6 Kxd6 40. h4
Rxc6 41. Rxc6+ Kxc6 42. h5 Kc5 43. Kd3 Kd6 1/2-1/2

[Event "CAN-ch U20"]
[Site "Toronto CAN"]
[Date "2023.07.07"]
[Round "4.6"]
[White "Zhu, Matthew"]
[Black "Wang, Andy"]
[Result "1-0"]
[WhiteElo "2127"]
[BlackElo "1892"]
[PlyCount "81"]
[EventDate "2023.07.06"]
[EventType "swiss"]
[EventRounds "8"]
[EventCountry "CAN"]

1. e4 e5 2. Nf3 Nc6 3. Bb5 a6 4. Ba4 Nf6 5. O-O b5 6. Bb3 Bc5 7. c3 d6 8. d4
Bb6 9. Be3 O-O 10. Re1 Bg4 11. d5 Bxe3 12. Rxe3 Na5 13. Nbd2 Nxb3 14. axb3 Nh5
15. h3 Bxf3 16. Rxf3 Nf4 17. Rg3 Qd7 18. Kh2 f5 19. exf5 Qxf5 20. c4 b4 21. Nf1
a5 22. Ne3 Qd3 23. Qg4 Qg6 24. Qd7 Qf7 25. Qc6 e4 26. Rg5 g6 27. c5 h6 28. Rg4
Nd3 29. cxd6 Ne5 30. Qc1 Nxg4+ 31. Nxg4 Qf4+ 32. Qxf4 Rxf4 33. dxc7 h5 34. Ne5
Rxf2 35. d6 Rd2 36. d7 Rxd7 37. Nxd7 Rc8 38. Rc1 e3 39. Nb6 Rxc7 40. Rxc7 Kf8
41. Rc1 1-0

[Event "CAN-ch U20"]
[Site "Toronto CAN"]
[Date "2023.07.07"]
[Round "4.7"]
[White "Zhu, Charis"]
[Black "Joseph, Jonath"]
[Result "0-1"]
[WhiteElo "1898"]
[BlackElo "2022"]
[PlyCount "108"]
[EventDate "2023.07.06"]
[EventType "swiss"]
[EventRounds "8"]
[EventCountry "CAN"]

1. d4 d5 2. c4 e6 3. Nc3 c6 4. Nf3 dxc4 5. a4 Bb4 6. Bd2 a6 7. e4 Bxc3 8. Bxc3
b5 9. d5 Nf6 10. dxc6 Qxd1+ 11. Kxd1 b4 12. Bxf6 gxf6 13. c7 Nc6 14. Bxc4 Bb7
15. Ke2 Rc8 16. Rac1 Rxc7 17. Rhd1 Ke7 18. Ke3 Rhc8 19. Be2 Ne5 20. Rxc7+ Rxc7
21. Nxe5 fxe5 22. Bd3 a5 23. f3 Bc6 24. b3 Bd7 25. Kd2 Rc3 26. Bc2 h6 27. Rc1
Kd6 28. Bd1 Rxc1 29. Kxc1 Kc5 30. Kd2 Kd4 31. Bc2 f5 32. Bb1 Bc8 33. g3 Bb7 34.
exf5 exf5 35. Bxf5 Bxf3 36. Be6 e4 37. g4 e3+ 38. Kc2 Ke5 39. Bd7 Bd5 40. Kd3
Kf4 41. h4 Kf3 42. Bb5 Bxb3 43. g5 hxg5 44. hxg5 Bf7 45. Kc2 Kf2 46. Kd1 Bh5+
47. Kc2 e2 48. Bxe2 Kxe2 49. Kb3 Kd3 50. Kb2 Bf7 51. Kb1 Kc3 52. Kc1 b3 53. Kd1
b2 54. g6 Bxg6 0-1

[Event "CAN-ch U20"]
[Site "Toronto CAN"]
[Date "2023.07.07"]
[Round "4.8"]
[White "Srinivasan, Hemant"]
[Black "Guo, Anni"]
[Result "1-0"]
[WhiteElo "2228"]
[BlackElo "2038"]
[PlyCount "45"]
[EventDate "2023.07.06"]
[EventType "swiss"]
[EventRounds "8"]
[EventCountry "CAN"]

1. d4 Nf6 2. c4 g6 3. Nc3 Bg7 4. e4 d6 5. Nf3 O-O 6. Be2 Nc6 7. d5 Ne5 8. Nxe5
dxe5 9. Be3 e6 10. O-O exd5 11. cxd5 Ne8 12. Rc1 f5 13. f3 f4 14. Bc5 Rf6 15.
Qb3 Nd6 16. Nb5 Nxb5 17. Bxb5 Kh8 18. Qb4 Rf7 19. d6 cxd6 20. Bxd6 Be6 21. Rfd1
a5 22. Qa4 Bd7 23. Bc7 1-0

[Event "CAN-ch U20"]
[Site "Toronto CAN"]
[Date "2023.07.07"]
[Round "4.9"]
[White "Zhong, April"]
[Black "Qian, Eric"]
[Result "0-1"]
[WhiteElo "1962"]
[BlackElo "2085"]
[PlyCount "118"]
[EventDate "2023.07.06"]
[EventType "swiss"]
[EventRounds "8"]
[EventCountry "CAN"]

1. e4 c5 2. Nf3 d6 3. Bb5+ Nc6 4. O-O Nf6 5. e5 Nd5 6. d4 cxd4 7. Nxd4 Bd7 8.
exd6 Nxd4 9. Bxd7+ Qxd7 10. Qxd4 Qxd6 11. c4 Nb4 12. Qe4 Qc6 13. Nc3 Qxe4 14.
Nxe4 g6 15. Bd2 Nc6 16. Bc3 f6 17. Rfe1 Kf7 18. Ng5+ Kg8 19. Ne6 Bh6 20. Rad1
Kf7 21. Rd7 Ne5 22. Rd4 Rac8 23. b3 g5 24. f4 gxf4 25. Nxf4 Bxf4 26. Rxf4 Nd3
27. Rfe4 Nxe1 28. Rxe1 e5 29. Bb4 Rhd8 30. Kf2 Rd4 31. Bc3 Rf4+ 32. Ke3 b5 33.
g3 Rg4 34. Kf3 Rgg8 35. Re4 bxc4 36. bxc4 Rgd8 37. Ke2 Rc6 38. Bb4 Ke6 39. g4
Rb8 40. a3 Ra8 41. Bc3 Rg8 42. h4 Ra6 43. Bb4 Ra4 44. Kd3 a5 45. Bc3 Rxa3 46.
g5 Kf5 47. Re1 e4+ 48. Kc2 fxg5 49. Rf1+ Kg4 50. hxg5 Rc8 51. Kb2 Ra4 52. Rg1+
Kf5 53. Rh1 Raxc4 54. Bxa5 Rb8+ 55. Ka3 Rc5 56. Bb4 Rcb5 57. Rxh7 Rxb4 58. Rf7+
Kg4 59. g6 R4b7 0-1

[Event "CAN-ch U20"]
[Site "Toronto CAN"]
[Date "2023.07.07"]
[Round "4.10"]
[White "Zheng, Victor"]
[Black "Malakar, Saarthak"]
[Result "1/2-1/2"]
[WhiteElo "2068"]
[BlackElo "1979"]
[PlyCount "131"]
[EventDate "2023.07.06"]
[EventType "swiss"]
[EventRounds "8"]
[EventCountry "CAN"]

1. Nf3 d5 2. g3 Nf6 3. Bg2 Bf5 4. O-O e6 5. c4 c6 6. d4 Bd6 7. Nbd2 O-O 8. b3
Nbd7 9. Bb2 Qe7 10. Ne5 Bxe5 11. dxe5 Ng4 12. cxd5 cxd5 13. e4 dxe4 14. Bxe4
Ngxe5 15. Bxf5 exf5 16. Re1 Qd6 17. Qe2 Qxd2 18. Bxe5 Qxe2 19. Rxe2 Rfe8 20.
Rae1 Nxe5 21. Rxe5 Rxe5 22. Rxe5 g6 23. Re7 Rb8 24. Kg2 Kg7 25. Kf3 a6 26. b4
b5 27. Ra7 Rb6 28. Ke3 Rc6 29. Kd3 Re6 30. Kd4 Re4+ 31. Kd3 Rxb4 32. Rxa6 Rb2
33. Ke3 b4 34. Kf3 g5 35. h4 g4+ 36. Ke3 f6 37. Ra7+ Kh6 38. Ra6 Kg6 39. Ra5 h5
40. Rb5 Rxa2 41. Rxb4 Ra3+ 42. Ke2 Rf3 43. Kf1 f4 44. Kg2 fxg3 45. fxg3 Re3 46.
Kf2 Rf3+ 47. Kg2 Rd3 48. Rb2 Rd6 49. Rf2 f5 50. Re2 Kf6 51. Kf2 Rd3 52. Re8
Rf3+ 53. Kg2 f4 54. gxf4 Rxf4 55. Rf8+ Ke5 56. Rh8 Rf5 57. Kg3 Rf3+ 58. Kg2 Rd3
59. Rxh5+ Kf4 60. Ra5 Rd2+ 61. Kf1 g3 62. h5 Rd6 63. Kg2 Rd2+ 64. Kf1 Rh2 65.
Kg1 Kg4 66. Rb5 1/2-1/2

[Event "CAN-ch U20"]
[Site "Toronto CAN"]
[Date "2023.07.07"]
[Round "4.11"]
[White "Gao, Lucy"]
[Black "Jiang, Hancy"]
[Result "1/2-1/2"]
[WhiteElo "1958"]
[BlackElo "1843"]
[PlyCount "80"]
[EventDate "2023.07.06"]
[EventType "swiss"]
[EventRounds "8"]
[EventCountry "CAN"]

1. e4 c6 2. Nf3 d5 3. Nc3 Bg4 4. h3 Bh5 5. exd5 cxd5 6. g4 Bg6 7. h4 Nf6 8.
Bb5+ Nc6 9. Ne5 Qc7 10. d4 h6 11. Bf4 Qb6 12. Nxg6 fxg6 13. Qd3 O-O-O 14. O-O-O
Ne4 15. Nxe4 e5 16. dxe5 dxe4 17. Qc4 Bc5 18. Qe6+ Kb8 19. Bxc6 bxc6 20. Bg3
Ka8 21. Qc4 Bd4 22. c3 Rb8 23. b3 Bxf2 24. Bxf2 Qxf2 25. Qxc6+ Rb7 26. Rd7 Qe3+
27. Kb1 Qb6 28. Qxb7+ Qxb7 29. Rxb7 Kxb7 30. Re1 Kc6 31. c4 Rf8 32. Rxe4 Kd7
33. b4 Rf2 34. Rd4+ Ke6 35. Rd6+ Kxe5 36. Rxg6 Kd4 37. Rd6+ Kc3 38. Rd1 Kxb4
39. Rd7 Kc3 40. Rd1 Kb4 1/2-1/2

[Event "CAN-ch U20"]
[Site "Toronto CAN"]
[Date "2023.07.08"]
[Round "5.1"]
[White "Demchenko, Svitlana"]
[Black "Chen, Max"]
[Result "1-0"]
[WhiteElo "2301"]
[BlackElo "2332"]
[PlyCount "127"]
[EventDate "2023.07.06"]
[EventType "swiss"]
[EventRounds "8"]
[EventCountry "CAN"]

1. d4 Nf6 2. c4 b6 3. Nc3 Bb7 4. Qc2 d5 5. cxd5 Nxd5 6. e4 Nxc3 7. bxc3 e5 8.
Nf3 Nd7 9. Bb5 c6 10. Bc4 Bd6 11. O-O O-O 12. Bg5 Qc7 13. dxe5 Nxe5 14. Nxe5
Bxe5 15. f4 Bd6 16. e5 Be7 17. Bxe7 Qxe7 18. Kh1 c5 19. Rae1 Kh8 20. f5 f6 21.
e6 Rad8 22. Bb5 a6 23. Bd7 g6 24. Re2 Rg8 25. Rff2 gxf5 26. Qxf5 Rg6 27. Kg1
Rdg8 28. g3 c4 29. Qf4 b5 30. Kf1 Kg7 31. Rd2 Rd8 32. Rfe2 Kf8 33. Qc7 Bf3 34.
Re3 Bg4 35. Rd4 h5 36. Kg2 Rg7 37. Qf4 h4 38. h3 Bh5 39. Qxh4 Rh7 40. Qf4 Bg6
41. Qd6 Bd3 42. h4 f5 43. Kf2 a5 44. Qxe7+ Rxe7 45. Bxb5 Rb8 46. Bxc4 Rb2+ 47.
Kf3 Be4+ 48. Kf4 Kg7 49. Ke5 a4 50. Rd7 Kf8 51. Kf6 Rb7 52. Rxe7 Rxe7 53. Bb5
a3 54. c4 Rh7 55. Rxa3 Rh6+ 56. Ke5 Rh7 57. Kd6 Rb7 58. Ra8+ Kg7 59. Rd8 Rb6+
60. Ke5 f4 61. gxf4 Bg6 62. f5 Bh5 63. f6+ Kh7 64. f7 1-0

[Event "CAN-ch U20"]
[Site "Toronto CAN"]
[Date "2023.07.08"]
[Round "5.4"]
[White "Joseph, Jonath"]
[Black "Zhu, Matthew"]
[Result "0-1"]
[WhiteElo "2022"]
[BlackElo "2127"]
[PlyCount "76"]
[EventDate "2023.07.06"]
[EventType "swiss"]
[EventRounds "8"]
[EventCountry "CAN"]

1. e4 c5 2. Nf3 d6 3. Bb5+ Bd7 4. Bxd7+ Qxd7 5. c4 Nf6 6. Nc3 g6 7. d4 cxd4 8.
Nxd4 Bg7 9. f3 O-O 10. Be3 Nc6 11. O-O a6 12. Qd2 Nxd4 13. Bxd4 b5 14. cxb5
axb5 15. b3 Rfc8 16. Rfc1 Qb7 17. a4 bxa4 18. bxa4 Rc7 19. a5 Nxe4 20. fxe4
Bxd4+ 21. Kh1 Bxc3 22. Rxc3 Qb4 23. Rac1 Qxa5 24. h3 Rxc3 25. Rxc3 Qe5 26. Qc1
Qxe4 27. Re3 Ra1 28. Qxa1 Qxe3 29. Qa8+ Kg7 30. Qb7 Qe1+ 31. Kh2 Qe5+ 32. Kg1
d5 33. Kf1 d4 34. Qb2 Qe3 35. Qb4 d3 36. Qc3+ f6 37. g4 Qe2+ 38. Kg1 d2 0-1

[Event "CAN-ch U20"]
[Site "Toronto CAN"]
[Date "2023.07.08"]
[Round "5.5"]
[White "Ruchinskaya, Valerie"]
[Black "Srinivasan, Hemant"]
[Result "0-1"]
[WhiteElo "1936"]
[BlackElo "2228"]
[PlyCount "60"]
[EventDate "2023.07.06"]
[EventType "swiss"]
[EventRounds "8"]
[EventCountry "CAN"]

1. d4 d5 2. c4 e6 3. Nc3 Nf6 4. cxd5 exd5 5. Bg5 Bb4 6. e3 h6 7. Bh4 g5 8. Bg3
Ne4 9. Qb3 c5 10. O-O-O Bxc3 11. bxc3 Nc6 12. dxc5 Qa5 13. Ne2 Be6 14. f3 Nxc5
15. Qb2 Na4 16. Qxb7 O-O 17. Qxc6 Rac8 18. Qb7 Nxc3 19. Rd2 Ne4+ 20. Rc2 Qd2+
21. Kb1 Qxc2+ 22. Ka1 Qd1+ 23. Qb1 Qxb1+ 24. Kxb1 Nd2+ 25. Ka1 Rc2 26. Bd6 d4
27. Nc1 Rxc1+ 28. Kb2 Rxf1 29. Rxf1 Nxf1 30. Bxf8 Kxf8 0-1

[Event "CAN-ch U20"]
[Site "Toronto CAN"]
[Date "2023.07.08"]
[Round "5.6"]
[White "Gao, Heye"]
[Black "Yuen, Noah Nathaniel"]
[Result "1/2-1/2"]
[WhiteElo "1821"]
[BlackElo "2111"]
[PlyCount "158"]
[EventDate "2023.07.06"]
[EventType "swiss"]
[EventRounds "8"]
[EventCountry "CAN"]

1. e4 c5 2. Nf3 Nc6 3. d4 cxd4 4. Nxd4 g6 5. c4 Bg7 6. Be3 Nf6 7. Nc3 O-O 8. f3
d6 9. Be2 Bd7 10. O-O Nxd4 11. Bxd4 Bc6 12. Qd2 a5 13. Nd5 Nd7 14. f4 Nc5 15.
Bxg7 Kxg7 16. Qd4+ Kg8 17. f5 Bxd5 18. exd5 Nd7 19. Rf2 Qb6 20. Qxb6 Nxb6 21.
Re1 Nd7 22. Bf1 Rfe8 23. Rf3 Rab8 24. fxg6 hxg6 25. a3 a4 26. b4 axb3 27. Rxb3
Nc5 28. Rb6 Kf8 29. Re3 Rec8 30. h4 Rc7 31. Rb4 Ra8 32. Be2 Kg7 33. Kf2 f5 34.
Kf3 Rf8 35. Kf4 Rh8 36. g3 Kf6 37. Rb6 Re8 38. Kf3 Ra8 39. Kf4 Ra4 40. Rb4 Ra6
41. Kf3 Rc8 42. g4 Rca8 43. gxf5 gxf5 44. a4 Rxa4 45. Rxa4 Rxa4 46. h5 Ra8 47.
Kf4 Rg8 48. h6 Rh8 49. Rh3 Kg6 50. Bh5+ Kf6 51. Be2 e5+ 52. dxe6 Nxe6+ 53. Ke3
Kg5 54. Bd3 f4+ 55. Kf3 Rxh6 56. Rxh6 Kxh6 57. Bf5 Nc5 58. Kxf4 Kg7 59. Be4 Kf6
60. Bd5 b6 61. Bg8 Ke7 62. Bd5 Kd7 63. Kf5 Na6 64. Ke4 Nc7 65. Kd4 Ke7 66. Bc6
Ke6 67. Ke4 Na6 68. Kd4 Nb4 69. Be4 Kf6 70. Kc3 Na6 71. Kd4 Nc7 72. Bd5 Kf5 73.
Bc6 Kf4 74. Be4 Kg3 75. Ke3 Na6 76. Bd5 Nc5 77. Bc6 Kg4 78. Kd4 Kf4 79. Bg2
Nb3+ 1/2-1/2

[Event "CAN-ch U20"]
[Site "Toronto CAN"]
[Date "2023.07.08"]
[Round "5.7"]
[White "Qian, Eric"]
[Black "Zhong, Ryan Yunhui"]
[Result "0-1"]
[WhiteElo "2085"]
[BlackElo "1949"]
[PlyCount "130"]
[EventDate "2023.07.06"]
[EventType "swiss"]
[EventRounds "8"]
[EventCountry "CAN"]

1. Nf3 d5 2. c4 dxc4 3. Qa4+ Nd7 4. Qxc4 a6 5. g3 b5 6. Qc2 Bb7 7. Bg2 Ngf6 8.
O-O e6 9. d3 c5 10. a4 Be7 11. Nc3 b4 12. Nb1 O-O 13. Nbd2 Qc7 14. Nc4 e5 15.
a5 Rad8 16. Rd1 Rfe8 17. Qb3 Bf8 18. Be3 h6 19. h3 Qb8 20. Rac1 Kh8 21. Nh4
Bxg2 22. Kxg2 Qb7+ 23. Kh2 Qc6 24. Bd2 Qe6 25. Be1 e4 26. dxe4 Qxe4 27. Ne3 Ne5
28. Nhg2 Qb7 29. Nf4 Nc6 30. Qa4 Nd4 31. Rc4 Qe4 32. Nd3 Nd5 33. Nxd5 Qxd5 34.
Rdc1 Rxe2 35. Nf4 Qe4 36. Rxd4 cxd4 37. Nxe2 Qxe2 38. Qc2 Qe6 39. Qd3 Rd5 40.
Bd2 Bd6 41. Re1 Qc8 42. Qe4 Qf5 43. Qe8+ Kh7 44. Kg2 Rxa5 45. Qd8 Rd5 46. g4
Qd3 47. Bf4 Qb5 48. Bxd6 Qc6 49. Qc7 Qxd6 50. Qxd6 Rxd6 51. Kf3 Kg6 52. Rc1 Kf6
53. Ke2 d3+ 54. Kd2 Kg5 55. Rc5+ Kg6 56. Rc4 a5 57. Rc5 Kf6 58. Rb5 Re6 59.
Kxd3 Re5 60. Rxe5 Kxe5 61. Kc4 Ke4 62. Kb5 Kd3 63. Kxa5 b3 64. Kb4 Kc2 65. Ka3
g5 0-1

[Event "CAN-ch U20"]
[Site "Toronto CAN"]
[Date "2023.07.08"]
[Round "5.8"]
[White "Wang, Andy"]
[Black "Zheng, Victor"]
[Result "1-0"]
[WhiteElo "1892"]
[BlackElo "2068"]
[PlyCount "153"]
[EventDate "2023.07.06"]
[EventType "swiss"]
[EventRounds "8"]
[EventCountry "CAN"]

1. e4 c5 2. Nf3 d6 3. d4 cxd4 4. Nxd4 Nf6 5. Nc3 a6 6. Be2 e5 7. Nb3 Be6 8. Be3
Be7 9. a4 Nbd7 10. a5 O-O 11. O-O Rc8 12. f3 Qc7 13. Qd2 Rfd8 14. Rac1 Nc5 15.
Nd5 Bxd5 16. exd5 Nxb3 17. cxb3 Qd7 18. Bc4 Nh5 19. b4 f5 20. Qd3 Bf6 21. b3
Nf4 22. Bxf4 exf4 23. Rfe1 Re8 24. Re6 Rf8 25. Rce1 g6 26. b5 axb5 27. Bxb5 Qg7
28. Bc4 Bd4+ 29. Kh1 Be3 30. Ra1 Rc7 31. a6 bxa6 32. Rxa6 Ra7 33. Raxd6 Qb2 34.
Ra6 Bf2 35. Qe2 Qxe2 36. Rxe2 Rxa6 37. Bxa6 Ra8 38. Rxf2 Rxa6 39. g3 fxg3 40.
hxg3 Ra1+ 41. Kg2 Rd1 42. b4 Rxd5 43. Rb2 Rb5 44. Kf2 Kf7 45. Ke3 Ke6 46. Kd4
Kd6 47. Kc4 Rb7 48. b5 g5 49. Rd2+ Kc7 50. Kc5 Rb8 51. Rh2 Rh8 52. Rh6 f4 53.
gxf4 gxf4 54. b6+ Kb7 55. Kd5 Ra8 56. Ke5 Ra4 57. Rxh7+ Kxb6 58. Rf7 Kc6 59.
Rxf4 Ra3 60. Rf6+ Kd7 61. Kf4 Ke7 62. Rb6 Ra1 63. Kg4 Rg1+ 64. Kf5 Rf1 65. f4
Kf7 66. Rb7+ Kf8 67. Kg5 Ra1 68. f5 Ra2 69. Kg6 Rg2+ 70. Kf6 Kg8 71. Rb8+ Kh7
72. Kf7 Rg7+ 73. Ke6 Rg1 74. f6 Re1+ 75. Kf7 Re2 76. Rb1 Rg2 77. Re1 1-0

[Event "CAN-ch U20"]
[Site "Toronto CAN"]
[Date "2023.07.08"]
[Round "5.9"]
[White "Malakar, Saarthak"]
[Black "Zhu, Charis"]
[Result "1/2-1/2"]
[WhiteElo "1979"]
[BlackElo "1898"]
[PlyCount "34"]
[EventDate "2023.07.06"]
[EventType "swiss"]
[EventRounds "8"]
[EventCountry "CAN"]

1. d4 d5 2. Nf3 Nf6 3. g3 c6 4. Bg2 e6 5. O-O Be7 6. Nbd2 O-O 7. b3 Nbd7 8. Bb2
Re8 9. c4 b6 10. Re1 Bb7 11. Rc1 Rc8 12. e3 c5 13. Ne5 Nf8 14. Qe2 Ba6 15. Qd1
Bb7 16. Qe2 Ba6 17. Qd1 Bb7 1/2-1/2

[Event "CAN-ch U20"]
[Site "Toronto CAN"]
[Date "2023.07.08"]
[Round "5.10"]
[White "Zhao, Jifan"]
[Black "Gao, Lucy"]
[Result "1-0"]
[WhiteElo "2195"]
[BlackElo "1958"]
[PlyCount "71"]
[EventDate "2023.07.06"]
[EventType "swiss"]
[EventRounds "8"]
[EventCountry "CAN"]

1. e4 c5 2. Nf3 g6 3. c3 Bg7 4. g3 Nf6 5. Qe2 O-O 6. Bg2 Nc6 7. O-O e5 8. d3 d6
9. Rd1 Re8 10. Bg5 Bg4 11. h3 Be6 12. Nbd2 Qd7 13. Kh2 h6 14. Be3 b6 15. d4
exd4 16. cxd4 cxd4 17. Nxd4 d5 18. Nxc6 Qxc6 19. e5 Nd7 20. f4 Rac8 21. Rac1
Qa4 22. Nb1 Rxc1 23. Bxc1 Qxa2 24. Nc3 Qb3 25. Nxd5 Bf8 26. Nc7 Rc8 27. Nxe6
Qxe6 28. Bd5 Qf5 29. Bd2 Nc5 30. Bc3 Ne6 31. Be4 Qh5 32. Bf3 Nxf4 33. gxf4 Qh4
34. Bg4 Re8 35. Rd7 h5 36. Be1 1-0

[Event "CAN-ch U20"]
[Site "Toronto CAN"]
[Date "2023.07.08"]
[Round "5.11"]
[White "Jiang, Hancy"]
[Black "Zhong, April"]
[Result "0-1"]
[WhiteElo "1843"]
[BlackElo "1962"]
[PlyCount "88"]
[EventDate "2023.07.06"]
[EventType "swiss"]
[EventRounds "8"]
[EventCountry "CAN"]

1. d4 d5 2. Nf3 Nf6 3. e3 e6 4. Bd3 c5 5. b3 Nc6 6. Bb2 Bd6 7. Nbd2 O-O 8. O-O
b6 9. a3 Bb7 10. Ne5 Ne7 11. h4 Ne4 12. Qh5 Nf5 13. Ndf3 f6 14. g4 Ne7 15. Ng5
fxg5 16. dxc5 bxc5 17. hxg5 g6 18. Qh6 Bxe5 19. Bxe5 Rf7 20. Bxe4 dxe4 21. Rad1
Qf8 22. Qxf8+ Raxf8 23. c4 Nc8 24. Rd2 Bc6 25. Rfd1 Nb6 26. Bd6 Rd8 27. Bxc5
Rfd7 28. Rxd7 Rxd7 29. Rxd7 Bxd7 30. a4 Kf7 31. a5 Nc8 32. a6 e5 33. b4 Be6 34.
b5 Bxc4 35. Bxa7 Nxa7 36. b6 Bxa6 37. bxa7 Bb7 38. Kf1 Ke6 39. Ke2 Kd6 40. Kd2
Kc5 41. Kc3 Bd5 42. Kc2 Kb6 43. Kd2 Kxa7 44. Ke2 Bc4+ 0-1

[Event "CAN-ch U20"]
[Site "Toronto CAN"]
[Date "2023.07.08"]
[Round "6.3"]
[White "Zhu, Matthew"]
[Black "Hua, Eugene"]
[Result "1-0"]
[WhiteElo "2127"]
[BlackElo "2370"]
[PlyCount "143"]
[EventDate "2023.07.06"]
[EventType "swiss"]
[EventRounds "8"]
[EventCountry "CAN"]

1. e4 c5 2. Nf3 e6 3. d4 cxd4 4. Nxd4 Nc6 5. Nc3 Qc7 6. Be3 a6 7. Qd2 Nf6 8.
O-O-O Bb4 9. f3 O-O 10. g4 b5 11. g5 Nh5 12. a3 Be7 13. Nce2 b4 14. axb4 Rb8
15. Ng3 Nxd4 16. Bxd4 Bxb4 17. c3 Nf4 18. Kc2 Be7 19. Bxg7 Kxg7 20. Qxf4 Qxf4
21. Nh5+ Kh8 22. Nxf4 Bxg5 23. Nd3 f5 24. Be2 Be3 25. Ne5 fxe4 26. fxe4 Bb7 27.
Kd3 Bf4 28. Nxd7 Rfd8 29. Kc4 Rbc8+ 30. Kb4 Bxe4 31. Rhf1 Bc2 32. Rd4 e5 33.
Rd5 Rc7 34. Bg4 Be4 35. Rdd1 Bc6 36. Nc5 Rb8+ 37. Ka3 Bg2 38. Ne6 Rc4 39. Rf2
Bc6 40. Rd8+ Rxd8 41. Nxd8 Bd5 42. Ne6 Bxe6 43. Bxe6 Re4 44. Rg2 h5 45. Rg8+
Kh7 46. Bf5+ Kxg8 47. Bxe4 Bxh2 48. Kb4 Kf7 49. Ka5 Kf6 50. c4 Bg1 51. b4 Ke6
52. Kxa6 Kd6 53. Kb5 Kc7 54. c5 h4 55. Kc4 h3 56. Kd5 h2 57. b5 Bd4 58. b6+ Kb8
59. Kc6 Be3 60. Kb5 h1=Q 61. Bxh1 e4 62. Bxe4 Bf2 63. Kc6 Be3 64. Bd3 Bf2 65.
Bf5 Bg1 66. Bh3 Bf2 67. Bg2 Bg1 68. Kd5 Bf2 69. c6 Bg3 70. Kc4 Kc8 71. Bh3+ Kd8
72. Kb5 1-0